| 000 | 00552cam a2200157 a 4500 | ||
|---|---|---|---|
| 020 | _a0195778197 | ||
| 082 | 0 | 0 |
_a954.0317 _bHUS _cN-01, P-90 |
| 100 | 1 |
_aHussain, J. _946415 |
|
| 245 | 1 | 2 |
_aA history of the peoples of Pakistan : _btowards independence / _cJ. Hussain. |
| 260 |
_aKarachi ; _aNew York : _bOxford University Press, _c1997. |
||
| 300 |
_aviii, 487 p. : _bcol. maps ; _c23 cm. |
||
| 526 |
_a0 _b0 _c0 _d954_031700000000000_HUS |
||
| 650 |
_aMCE _9379 |
||
| 856 | 4 | 2 | _uhttp://www.loc.gov/catdir/enhancements/fy0603/98136158-d.html |
| 942 |
_2ddc _cBK |
||
| 999 |
_c549756 _d549756 |
||